Slavic Balkans - Sudden Death - Statistics

General Stats
  • This quiz has been taken 21 times
  • The average score is 5 of 7
Answers on the Grid
Answers color-coded by a green-red scale on the quiz's grid according to % correct below.
Albania
Macedonia
Bulgaria
Greece
Turkey
Romania
Kosovo
Serbia
Montenegro
Croatia
Bosnia
Slovenia
 
Answer Stats
Answer % Correct
Bulgaria
81%
Serbia
81%
Macedonia
69%
Montenegro
69%
Slovenia
69%
Bosnia
63%
Croatia
63%
No matching quizzes found
Score Distribution
Percent of People with Each Score
Percentile by Number Answered
Your Score History
You have not taken this quiz